| 000 | 00820cam a22002894a 4500 | ||
|---|---|---|---|
| 001 | 279 | ||
| 003 | BD-RjUL | ||
| 005 | 20211208233140.0 | ||
| 008 | 131117s2001 ii jd 001 0 eng | ||
| 020 | _a0761533982 | ||
| 020 | _a8120318927 | ||
| 035 | _a(BD-RjUL)296 | ||
| 040 |
_aDLC _cDLC _dDLC _dBD-RjUL _beng |
||
| 041 | _aeng | ||
| 082 | 0 | 0 |
_a005.369 _221 _bWEM 2001 |
| 100 | 1 |
_aWempen, Faithe. _9907 |
|
| 245 | 1 | 0 |
_aMicrosoft Excel 2002 fast & easy / _cFaithe Wempen. |
| 260 |
_aNew Delhi : _bPrentice-Hall, _cc2001. |
||
| 300 |
_axx, 345 p. : _bill. ; _c24 cm. |
||
| 500 | _aIncludes index. | ||
| 526 | _bComputer Science. | ||
| 650 | 7 |
_aBusiness _xComputer programs. _9909 |
|
| 650 | 7 |
_aElectronic spreadsheets. _9910 |
|
| 942 |
_2ddc _cBK _01 |
||
| 999 |
_c279 _d279 |
||